<?xml version="1.0" encoding="UTF-8"?>
<record
    xmlns:xsi="http://www.w3.org/2001/XMLSchema-instance"
    xsi:schemaLocation="http://www.loc.gov/MARC21/slim http://www.loc.gov/standards/marcxml/schema/MARC21slim.xsd"
    xmlns="http://www.loc.gov/MARC21/slim">

  <leader>04108nab a2200301 i 4500</leader>
  <controlfield tag="003">BR-BrBNA</controlfield>
  <controlfield tag="005">20241121125356.0</controlfield>
  <controlfield tag="008">241121b2021    bl.ar|pooa||| 00| 0 eng |</controlfield>
  <datafield tag="040" ind1=" " ind2=" ">
    <subfield code="a">BR-BrBNA</subfield>
    <subfield code="b">eng</subfield>
  </datafield>
  <datafield tag="072" ind1=" " ind2=" ">
    <subfield code="a">F60</subfield>
    <subfield code="b">2120</subfield>
  </datafield>
  <datafield tag="072" ind1=" " ind2=" ">
    <subfield code="a">F61</subfield>
  </datafield>
  <datafield tag="100" ind1=" " ind2=" ">
    <subfield code="a">Mu&#xF1;oz, Carlos Andres Unigarro </subfield>
  </datafield>
  <datafield tag="100" ind1=" " ind2=" ">
    <subfield code="a">Bejarano, Lina Marcela D&#xED;az </subfield>
  </datafield>
  <datafield tag="100" ind1=" " ind2=" ">
    <subfield code="a">Acu&#xF1;a, Jos&#xE9; Ricardo </subfield>
  </datafield>
  <datafield tag="245" ind1=" " ind2=" ">
    <subfield code="a">Effect of fruit load of the first coffee harvests on leaf gas exchange</subfield>
  </datafield>
  <datafield tag="500" ind1=" " ind2=" ">
    <subfield code="a">Publica&#xE7;&#xE3;o online; 36 ref.; Summaries (En, Pt)</subfield>
  </datafield>
  <datafield tag="520" ind1=" " ind2=" ">
    <subfield code="a">

ABSTRACT - Coffee production between the first and second harvest presents a difference in the fruit load with the plant age that could affect the leaf gas exchange. This research aimed to evaluate the effect of the increase in fruit load that occurs between the first and second harvest of the Coffea arabica L. production cycle on the measured gas exchange, at the two phenological stages of the fruit. The accessions E057, E318, E338 and E554 were used, as well as a completely randomized design, with three replications, using the accessions as treatments and the harvest measurements during the production cycle as the repeated measures. The variables yield per tree, number of fruits, absolute growth rates for height and stem, leaf area, leaf-to-fruit ratio and leaf gas exchange were measured across the phenological stages of fruit filling and ripening. The increase in the fruit load that occurs with age in the second harvest, if compared to the first harvest, showed a positive and significant effect on the net assimilation rate that was not expected for the obtained leaf-tofruit ratios. Likewise, the differences in the assimilation rates were higher during the fruit-filling stage. This result suggests that the source-sink relationship may vary with the crop age and fruit phenological stage, and is not entirely depend on the leaf-to-fruit ratio.




KEYWORDS: Coffea arabica L., leaf-to-fruit ratio, fruit phenological stage, net assimilation rate.</subfield>
  </datafield>
  <datafield tag="520" ind1=" " ind2=" ">
    <subfield code="a">

RESUMO - Efeito da carga de frutos das primeiras colheitas de caf&#xE9; na troca gasosa das folhas -  A produ&#xE7;&#xE3;o de caf&#xE9; entre a primeira e segunda colheita apresenta diferen&#xE7;a na carga dos frutos com a idade da planta, podendo ter efeito na troca gasosa. Objetivou-se avaliar o efeito do aumento na carga de frutos que acontece entre a primeira e a segunda colheita do ciclo produtivo do Coffea arabica L. na avalia&#xE7;&#xE3;o da troca gasosa, no decorrer dos dois estados fenol&#xF3;gicos do fruto. Foram utilizados os acessos E057, E318, E338 e E554, bem como delineamento inteiramente casualizado, com tr&#xEA;s repeti&#xE7;&#xF5;es, tendose os acessos como tratamentos e as medi&#xE7;&#xF5;es de colheita do ciclo produtivo como medidas repetidas. As vari&#xE1;veis produtividade por planta, n&#xFA;mero de frutos, taxas de crescimento absoluto de altura e tronco, &#xE1;rea foliar, rela&#xE7;&#xE3;o folha-fruto e trocas gasosas da folha foram medidas nas fases fenol&#xF3;gicas de enchimento e matura&#xE7;&#xE3;o dos frutos. O aumento da carga de frutos que ocorre com a idade na segunda colheita, em rela&#xE7;&#xE3;o &#xE0; primeira, apresentou efeito positivo e significativo na taxa de assimila&#xE7;&#xE3;o l&#xED;quida, o qual n&#xE3;o era esperado para as rela&#xE7;&#xF5;es folha-fruto obtidas. Da mesma forma, as diferen&#xE7;as nas taxas de assimila&#xE7;&#xE3;o foram maiores durante a fase de enchimento dos frutos. Isso sugere que a rela&#xE7;&#xE3;o fonte-dreno pode variar com a idade de cultivo e est&#xE1;dio fenol&#xF3;gico do fruto, e n&#xE3;o depende totalmente da rela&#xE7;&#xE3;o folha-fruto.


PALAVRAS-CHAVE: Coffee arabica L., rela&#xE7;&#xE3;o folha-fruto, est&#xE1;dio fenol&#xF3;gico do fruto, taxa de assimila&#xE7;&#xE3;o l&#xED;quida.</subfield>
  </datafield>
  <datafield tag="650" ind1=" " ind2=" ">
    <subfield code="a">CAF&#xC9;</subfield>
  </datafield>
  <datafield tag="650" ind1=" " ind2=" ">
    <subfield code="a">FENOLOGIA</subfield>
  </datafield>
  <datafield tag="650" ind1=" " ind2=" ">
    <subfield code="a">TROCA GASOSA</subfield>
  </datafield>
  <datafield tag="650" ind1=" " ind2=" ">
    <subfield code="a">FOTOSS&#xCD;NTESE</subfield>
  </datafield>
  <datafield tag="650" ind1=" " ind2=" ">
    <subfield code="a">FISIOLOGIA VEGETAL</subfield>
  </datafield>
  <datafield tag="773" ind1="0" ind2=" ">
    <subfield code="0">3248</subfield>
    <subfield code="9">317347</subfield>
    <subfield code="d">Goi&#xE2;nia-GO UFG. Escola de Agronomia 1999</subfield>
    <subfield code="o">2024-3999</subfield>
    <subfield code="t">Pesquisa Agropecu&#xE1;ria Tropical (Brazil)</subfield>
    <subfield code="x">1517-6398</subfield>
    <subfield code="g">v. 51 p. 1-9; (2021)</subfield>
    <subfield code="w">BR2024003487</subfield>
  </datafield>
  <datafield tag="856" ind1=" " ind2=" ">
    <subfield code="u">https://www.scielo.br/j/pat/a/Z9sBJYyny5j7GvNZmhytxLd/?format=pdf&amp;lang=en</subfield>
  </datafield>
  <datafield tag="942" ind1=" " ind2=" ">
    <subfield code="c">ANA</subfield>
  </datafield>
  <datafield tag="999" ind1=" " ind2=" ">
    <subfield code="c">328747</subfield>
    <subfield code="d">328747</subfield>
  </datafield>
</record>
